000
00328nam a22001457a 4500
008
210511b ||||| |||| 00| 0 eng d
020
_a
9781578701902
041
_a
eng
080
_a
004
082
_a
004
100
_a
28
101
_a
SHKI
245
_a
GNU Autoconf, Automake, and Libtool
_c
Vaughan,G.V
942
_2
udc
_c
BK
999
_c
57228
_d
57228